MARC details
| 000 -BAŞLIK |
| Sabit Uzunlukta Kontrol Alanı |
01290na a2200325 4500 |
| 001 - KONTROL NUMARASI |
| Denetim Alanı |
15228 |
| 003 - KONTROL NUMARASI IDENTIFIER |
| Denetim Alanı |
MIRAKIL |
| 005 - SON İŞLEM TARİHİ VE ZAMANI |
| Denetim Alanı |
20181213155121.0 |
| 008 - SABİT-BOY VERİ ELEMANLARI - GENEL BİLGİLER |
| Sabit Uzunlukta Kontrol Alanı |
161006b tu 000 0 |
| 020 ## - ULUSLARARASI STANDART KİTAP NUMARASI |
| Uluslararası Standart Kitap Numarası |
9789754828832 |
| 035 ## - SİSTEM KONTROL NUMARASI |
| Sistem Kontrol Numarası |
15228 |
| 040 ## - KATALOGLAMA KAYNAK |
| Orijinal Kataloglama Ajansı |
Milas |
| Kataloglama Dili |
tur |
| Metne Dönüştürmek Ajansı |
TR-AnCHP |
| 082 ## - DEWEY ONLU SINIFLANDIRMA NUMARASI |
| Sınıflandırma Numarası |
321 |
| Ürün Numarası |
P66 2010 |
| 090 ## - SINIFLAMA NUMARASI |
| Sınıflama Numarası |
321 P66 2010 |
| 110 ## - ANA GİRİŞ - KURUMSAL ADI |
| Giriş Elemanı Olarak Kurumsal Ad Veya Yargı Alanı Adı |
Ankara Üniversitesi Siyasal Bilgiler Fakültesi |
| 245 ## - BAŞLIK TABLOSU |
| Başlık |
Prof. Dr. Kurtan Fişek için yönetim üzerine |
| Başlığın Kalan |
Devlet yönetim bilimi, kamu yönetimi, bürokrasi, yerel yönetimler |
| Sorumluluk Tablosu, Vb |
yayına hazırlayan İpek Özkal Sayan |
| 246 ## - UNVAN FORM VARYING |
| Başlık Doğru / Kısa Başlığı |
Devlet yönetim bilimi, kamu yönetimi, bürokrasi, yerel yönetimler |
| 260 ## - YAYIN, DAĞITIM, VB |
| Yayın, Dağıtım, Vb Yeri |
Ankara |
| Yayıncı, Dağıtıcı, Vs Adı |
Ankara Üniversitesi |
| Yayın, Dağıtım, Vb Tarihi |
2010 |
| 300 ## - FİZİKSEL TANIM |
| Kapsam |
viii, 382 s. |
| Diğer Fiziksel Ayrıntıları |
res.,tbl. |
| Boyutlar |
23 sm. |
| 440 ## - SERİSİ TABLOSU / KATMA GİRİŞİ - BAŞLIK |
| Başlık |
Ankara Üniversitesi |
| Hacim / Ardışık Tanımı |
266 |
| 490 ## - SERİSİ TABLOSU |
| Seri Beyanı |
Kamu Yönetimi Araştırma ve Uygulama Merkezi (KAYAUM) |
| Hacim / Ardışık Tanımı |
7 |
| 490 ## - SERİSİ TABLOSU |
| Seri Beyanı |
Ankara Üniversitesi Siyasal Bilgiler Fakültesi |
| Hacim / Ardışık Tanımı |
600 |
| 504 ## - KAYNAKÇA VB NOT |
| Kaynakça Vb Notu |
Kaynakça ve dizin var. |
| 600 ## - KONU KATMA GİRİŞ - KURUMSAL ADI |
| Kişisel Ad |
Fişek, Kurthan |
| Genel Alt Bölümü |
Siyasal ve sosyal görüşler |
| Kronolojik Alt Bölümü |
Armağan kitaplar |
| 650 ## - KONU KATMA GİRİŞ - TOPİKAL DÖNEM |
| Topikal Süreli Veya Coğrafi Ad Giriş Elemanı |
Yerel yönetim |
| Genel Alt Bölümü |
Armağan kitaplar |
| Coğrafi Alt Bölümü |
Türkiye |
| 650 ## - KONU KATMA GİRİŞ - TOPİKAL DÖNEM |
| Topikal Süreli Veya Coğrafi Ad Giriş Elemanı |
Kamu yönetimi |
| Genel Alt Bölümü |
Armağan kitaplar |
| 650 ## - KONU KATMA GİRİŞ - TOPİKAL DÖNEM |
| Topikal Süreli Veya Coğrafi Ad Giriş Elemanı |
Yönetim bilimi |
| Genel Alt Bölümü |
Armağan kitaplar |
| Coğrafi Alt Bölümü |
Türkiye |
| 700 ## - KATMA GİRİŞ - KİŞİSEL İSİM |
| Kişisel Ad |
Sayan, İpek Özkal |
| 942 ## - EKLENDİ GİRİŞ ELEMANLARI (KOHA) |
| Sınıflandırma Veya Raf Düzeni Kaynak |
Dewey Decimal Classification |
| Koha Öğesi Türü |
Books |
| 999 ## - SİSTEM KONTROL NUMARALARI (KOHA) |
| Koha Biblionumber |
6861 |
| Koha Biblioitemnumber |
6861 |